000 01076cam a2200253 4500
001 ABS68079
008 040901n2004 000 0 eng u
035 _a(Sirsi) u127241
100 _aBingham, T.
245 _aCompulsory purchases
260 _c2004
490 _aEstates Gazette
_v269(8245) 17 August 2004, 42-43(2)
520 _aReviews '"Construction arbitration" (ISBN 1405106352) and '"JCT Major Projects Form" (ISBN 1405112972). Praises the first title for its reference to important cases since the introduction of the adjudication provision of the Housing Grants, Construction and Regeneration Act 1996 on 1 May 1998. Welcomes the second book as a useful and meticulously researched decription of MPF 2003.
590 _aABS
590 _aABS
650 _aHOUSING GRANTS, CONSTRUCTION AND REGENERATION ACT 1996
650 _aCONSTRUCTION ADJUDICATION
650 _aDISPUTE RESOLUTION
_96236
650 _aJCT CONTRACTS
650 _aMPF 2003
650 _aSCHEME FOR CONSTRUCTION CONTRACTS
690 _aBUILDING AND CONSTRUCTION
942 _n0
999 _c117938
_d117938